| 000 | 01274nam a2200277 i 4500 | ||
|---|---|---|---|
| 001 | 22184 | ||
| 003 | ES-MaACL | ||
| 005 | 20240206170154.0 | ||
| 007 | t| | ||
| 008 | 030131s1894 sp |||| | spa d | ||
| 080 | _a621.311:061.5(460.27 M.) | ||
| 080 | _a621.316.3(460.27 M.) | ||
| 100 | 1 |
_aEchegaray, José, _d1832-1916 _946526 |
|
| 245 | 1 | 0 |
_aInforme sobre la producción y distribución de electricidad, y sobre el material y servicio de la Compañía General Madrileña / _cpor Don José Echegaray, Don Ricardo Becerro de Bengoa y Don Francisco de P. Rojas. |
| 260 |
_aMadrid : _b[s.n.], _c1894 ( _fTipo-Lit. de F. Rodríguez) |
||
| 300 |
_a16 p. ; _c24 cm. |
||
| 530 | _aDisponible en formato digital. | ||
| 610 | 2 | 4 |
_aCompañía General Madrileña de Electricidad. _9160505 |
| 650 | 7 |
_aIluminación eléctrica _2embne _9235076 |
|
| 650 | 4 |
_aEnergía eléctrica- _zEspaña. _912252 |
|
| 700 | 1 |
_aBecerro de Bengoa, Ricardo, _d1845-1902 _926893 |
|
| 700 | 1 |
_aRojas y Caballero Infante, Francisco de Paula. _999083 |
|
| 852 | 4 |
_aES-MaACL _jT-851-F-4 _z- Enc. hol. conservando cub. original _z- Enc. en un vol. facticio |
|
| 856 | 4 |
_uhttp://bdh-rd.bne.es/viewer.vm?id=0000243064&page=1 _zBiblioteca Digital Hispánica |
|
| 999 |
_c22184 _d22184 |
||